{"text_format":"3","workbook":"xlsx","n_sheets":5,"sheets":["Instructions","Summary","Accredited","Non accredited","Logistics"],"read":"whole","date_system":"1900"}

{"sheet":"Instructions","index":0,"n_rows":4,"n_cols":2,"rows_kept":4,"merged":[[1,1,1,16],[2,1,2,16],[3,1,3,16],[4,1,4,16]]}
[]
[1,"Complete the green cells in the worksheet \"Pricing schedule\""]
[2,"Values can only be entered into the green cells. All other cells are locked."]
[3,"If a value is not inserted for the \"Rate (incl. VAT)\" either as a rate or a percentage markup where applicable the \"Amount\" will show \"Missing rate\" or \"Missing percentage\" respectively. This is to ensure all items are priced."]

{"sheet":"Summary","index":1,"n_rows":8,"n_cols":2,"rows_kept":8}
["SUMMARY OF SCHEDULES"]
["Description","Amount"]
["SCHEDULE A1: ACCREDITED TRAINING",{"$f":"Accredited!H62","v":{"$error":"#VALUE!"}}]
["SCHEDULE A2: NON-ACCREDITED TRAINING",{"$f":"'Non accredited'!G54","v":{"$error":"#VALUE!"}}]
["SCHEDULE A3-6: LOGISTICS AND PAYMENT OF REGULATORY AND ACCREDITATION ENTITIES",{"$f":"Logistics!F18","v":{"$error":"#VALUE!"}}]
["TENDER SUM (Year 1)",{"$f":"SUM(B3:B5)","v":{"$error":"#VALUE!"}}]
[]
["See pricing instructions for price adjustments for year 2 and 3"]

{"sheet":"Accredited","index":2,"n_rows":62,"n_cols":9,"rows_kept":62,"merged":[[61,0,61,6]]}
["SCHEDULE A1: ACCREDITED TRAINING"]
["Item","Description","Credits","No. of trainees","Unit","Quantity","Rate (incl VAT)","Amount"]
["A1","Accredited course fees"]
[]
["A1.1","Professional fees",{"$nulls":5},{"$f":"IF(COUNT(H6:H25)=COUNTA(H6:H25),SUM(H6:H25),\"Missing value\")","v":"Missing value"}]
["A1.1.1","Advanced Vegetable Production",30,20,"Trainees",20,null,{"$f":"IF(G6=\"\",\"Missing rate\",G6*C6*F6)","v":"Missing rate"},"= Rate x Course credits x Quantity"]
["A1.1.2","Basic Broiler  production",20,124,"Trainees",124,null,{"$f":"IF(G7=\"\",\"Missing rate\",G7*C7*F7)","v":"Missing rate"},"= Rate x Course credits x Quantity"]
["A1.1.3","Basic Farm Finance & Administration",6,65,"Trainees",65,null,"Missing rate","= Rate x Course credits x Quantity"]
["A1.1.4","Basic Farm Management ",7,15,"Trainees",15,null,"Missing rate","= Rate x Course credits x Quantity"]
["A1.1.5","Basic Layer Production",20,20,"Trainees",20,null,"Missing rate","= Rate x Course credits x Quantity"]
["A1.1.6","Basic Pig  Rearing",11,160,"Trainees",160,null,"Missing rate","= Rate x Course credits x Quantity"]
["A1.1.7","Basic Poultry production",20,20,"Trainees",20,null,"Missing rate","= Rate x Course credits x Quantity"]
["A1.1.8","Basic Sheep Farming ",22,15,"Trainees",15,null,"Missing rate","= Rate x Course credits x Quantity"]
["A1.1.9","Basic Vegetable Production",16,296,"Trainees",296,null,"Missing rate","= Rate x Course credits x Quantity"]
["A1.1.10","Beef Cattle Production",17,120,"Trainees",120,null,"Missing rate","= Rate x Course credits x Quantity"]
["A1.1.11","Cash Crops under Irrigation",10,15,"Trainees",15,null,"Missing rate","= Rate x Course credits x Quantity"]
["A1.1.12","Extensive Farming  Veld Management Program   ",2,20,"Trainees",20,null,"Missing rate","= Rate x Course credits x Quantity"]
["A1.1.13","Farm Product Marketing",4,90,"Trainees",90,null,"Missing rate","= Rate x Course credits x Quantity"]
["A1.1.14","Management of Irrigation System",8,40,"Trainees",40,null,"Missing rate","= Rate x Course credits x Quantity"]
["A1.1.15","Pasture Establishment",15,20,"Trainees",20,null,"Missing rate","= Rate x Course credits x Quantity"]
["A1.1.16","Pig Production",11,30,"Trainees",30,null,"Missing rate","= Rate x Course credits x Quantity"]
["A1.1.17","Sheep Production",22,20,"Trainees",20,null,"Missing rate","= Rate x Course credits x Quantity"]
["A1.1.18","Team Building on a farm",8,20,"Trainees",20,null,"Missing rate","= Rate x Course credits x Quantity"]
["A1.1.19","Vegetable  Production ",16,20,"Trainees",20,null,"Missing rate","= Rate x Course credits x Quantity"]
["A1.1.20","Veld Management",2,20,"Trainees",20,null,"Missing rate","= Rate x Course credits x Quantity"]
[]
["A1.2","Operational costs",{"$nulls":5},{"$f":"IF(COUNT(H28:H33)=COUNTA(H28:H33),SUM(H28:H33),\"Missing value\")","v":"Missing value"}]
["A1.2.1","Certification",null,1150,"Trainees",1150,null,{"$f":"IF(G28=\"\",\"Missing rate\",G28*F28)","v":"Missing rate"},"= Rate x Quantity"]
["A1.2.2","Manuals and handouts",null,1150,"Trainees",1150,null,{"$f":"IF(G29=\"\",\"Missing rate\",G29*F29)","v":"Missing rate"},"= Rate x Quantity"]
["A1.2.3","Stationary",null,1150,"Trainees",1150,null,"Missing rate","= Rate x Quantity"]
["A1.2.4","Consumables",null,1150,"Trainees",1150,null,"Missing rate","= Rate x Quantity"]
["A1.2.5","Facilitator Travel (Rate = R/km)",null,1150,"km",5000,null,"Missing rate","= Rate x Quantity"]
["A1.2.6","Facilitator Accommodation (Rate = R/day)",null,1150,"days",415,null,"Missing rate","= Rate x Quantity"]
[]
["A1.3","Food allowance",{"$nulls":5},{"$f":"H56+H57","v":{"v":1012550,"d":"R1,012,550.00"}}]
["A1.3.1","Advanced Vegetable Production",null,20,"days",20,{"v":100,"d":"R100.00"},{"$f":"G36*F36*D36","v":{"v":40000,"d":"R40,000.00"}},"Fixed"]
["A1.3.2","Basic Broiler  production",null,124,"days",10,{"v":100,"d":"R100.00"},{"$f":"G37*F37*D37","v":{"v":124000,"d":"R124,000.00"}},"Fixed"]
["A1.3.3","Basic Farm Finance & Administration",null,65,"days",7,{"v":100,"d":"R100.00"},{"v":45500,"d":"R45,500.00"},"Fixed"]
["A1.3.4","Basic Farm Management ",null,15,"days",7,{"v":100,"d":"R100.00"},{"v":10500,"d":"R10,500.00"},"Fixed"]
["A1.3.5","Basic Layer Production",null,20,"days",10,{"v":100,"d":"R100.00"},{"v":20000,"d":"R20,000.00"},"Fixed"]
["A1.3.6","Basic Pig  Rearing",null,160,"days",5,{"v":100,"d":"R100.00"},{"v":80000,"d":"R80,000.00"},"Fixed"]
["A1.3.7","Basic Poultry production",null,20,"days",10,{"v":100,"d":"R100.00"},{"v":20000,"d":"R20,000.00"},"Fixed"]
["A1.3.8","Basic Sheep Farming ",null,15,"days",10,{"v":100,"d":"R100.00"},{"v":15000,"d":"R15,000.00"},"Fixed"]
["A1.3.9","Basic Vegetable Production",null,296,"days",10,{"v":100,"d":"R100.00"},{"v":296000,"d":"R296,000.00"},"Fixed"]
["A1.3.10","Beef Cattle Production",null,120,"days",10,{"v":100,"d":"R100.00"},{"v":120000,"d":"R120,000.00"},"Fixed"]
["A1.3.11","Cash Crops under Irrigation",null,15,"days",5,{"v":100,"d":"R100.00"},{"v":7500,"d":"R7,500.00"},"Fixed"]
["A1.3.12","Extensive Farming  Veld Management Program   ",null,20,"days",5,{"v":100,"d":"R100.00"},{"v":10000,"d":"R10,000.00"},"Fixed"]
["A1.3.13","Farm Product Marketing",null,90,"days",3,{"v":100,"d":"R100.00"},{"v":27000,"d":"R27,000.00"},"Fixed"]
["A1.3.14","Management of Irrigation System",null,40,"days",5,{"v":100,"d":"R100.00"},{"v":20000,"d":"R20,000.00"},"Fixed"]
["A1.3.15","Pasture Establishment",null,20,"days",5,{"v":100,"d":"R100.00"},{"v":10000,"d":"R10,000.00"},"Fixed"]
["A1.3.16","Pig Production",null,30,"days",5,{"v":100,"d":"R100.00"},{"v":15000,"d":"R15,000.00"},"Fixed"]
["A1.3.17","Sheep Production",null,20,"days",10,{"v":100,"d":"R100.00"},{"v":20000,"d":"R20,000.00"},"Fixed"]
["A1.3.18","Team Building on a farm",null,20,"days",5,{"v":100,"d":"R100.00"},{"v":10000,"d":"R10,000.00"},"Fixed"]
["A1.3.19","Vegetable  Production ",null,20,"days",10,{"v":100,"d":"R100.00"},{"v":20000,"d":"R20,000.00"},"Fixed"]
["A1.3.20","Veld Management",null,20,"days",5,{"v":100,"d":"R100.00"},{"v":10000,"d":"R10,000.00"},"Fixed"]
[null,"Total daily food allowance",{"$nulls":5},{"$f":"SUM(H36:H55)","v":{"v":920500,"d":"R920,500.00"}}]
["A1.3.21","Management fee",null,null,"%",10,null,{"$f":"H56*F57/100","v":{"v":92050,"d":"R92,050.00"}},"10% Fixed VAT inclusive rate"]
[]
["A1.4","Training facilities",{"$nulls":5},{"$f":"H60","v":{"$error":"#VALUE!"}}]
["A1.4.1","Fees",{"$nulls":5},{"$f":"(H5+H27)*10/100","v":{"$error":"#VALUE!"}},"= (Professional fees A1.1 + Operational cost A1.2) * 10%"]
[]
["SUB-TOTAL: ACCREDITED TRAINING (Carried over to summary of schedules)",{"$nulls":6},{"$f":"H5+H27+H35+H59","v":{"$error":"#VALUE!"}},"= A1.1 + A1.2 + A1.3 + A1.4"]

{"sheet":"Non accredited","index":3,"n_rows":54,"n_cols":8,"rows_kept":54,"merged":[[53,0,53,5]]}
["SCHEDULE A2: NON-ACCREDITED TRAINING"]
["Item","Description","No. of trainees","Unit","Quantity","Rate (incl VAT)","Amount"]
["A2","Non-accredited course fees"]
[]
["A2.1","Professional fees",{"$nulls":4},{"$f":"IF(COUNT(G6:G21)=COUNTA(G6:G21),SUM(G6:G21),\"Missing value\")","v":"Missing value"},"Add A2.1.1 to A2.1.16"]
["A2.1.1","Pig Feeding and Nutrition Principles",20,"Days",3,null,{"$f":"IF(F6=\"\",\"Missing rate\",F6*C6*E6)","v":"Missing rate"},"= Rate x No. of Trainees x Quantity"]
["A2.1.2","Animal Health & Care",20,"Days",3,null,{"$f":"IF(F7=\"\",\"Missing rate\",F7*C7*E7)","v":"Missing rate"},"= Rate x No. of Trainees x Quantity"]
["A2.1.3","Grain Grading",20,"Days",3,null,"Missing rate","= Rate x No. of Trainees x Quantity"]
["A2.1.4","Livestock Pregnancy Testing",20,"Days",3,null,"Missing rate","= Rate x No. of Trainees x Quantity"]
["A2.1.5","Feeding Management (Large livestock) Winter & Summer",25,"Days",3,null,"Missing rate","= Rate x No. of Trainees x Quantity"]
["A2.1.6","Calibration of planter & boom sprayer",20,"Days",3,null,"Missing rate","= Rate x No. of Trainees x Quantity"]
["A2.1.7","Animal Health & Care (cattle)",20,"Days",3,null,"Missing rate","= Rate x No. of Trainees x Quantity"]
["A2.1.8","Wool production",15,"Days",3,null,"Missing rate","= Rate x No. of Trainees x Quantity"]
["A2.1.9","Sheep shearing",10,"Days",3,null,"Missing rate","= Rate x No. of Trainees x Quantity"]
["A2.1.10","Team Building on a Farm",30,"Days",3,null,"Missing rate","= Rate x No. of Trainees x Quantity"]
["A2.1.11","Poultry Production",20,"Days",5,null,"Missing rate","= Rate x No. of Trainees x Quantity"]
["A2.1.12","Poultry Production ( Layers)",20,"Days",5,null,"Missing rate","= Rate x No. of Trainees x Quantity"]
["A2.1.13","Hatchery (Poultry Managaement",15,"Days",5,null,"Missing rate","= Rate x No. of Trainees x Quantity"]
["A2.1.14","Basic Cannabis Production",15,"Days",5,null,"Missing rate","= Rate x No. of Trainees x Quantity"]
["A2.1.15","Veld management ",15,"Days",3,null,"Missing rate","= Rate x No. of Trainees x Quantity"]
["A2.1.16","Value adding & Agro-Processing ",15,"Days",3,null,"Missing rate","= Rate x No. of Trainees x Quantity"]
[]
["A2.2","Operational costs",{"$nulls":4},{"$f":"IF(COUNT(G24:G29)=COUNTA(G24:G29),SUM(G24:G29),\"Missing value\")","v":"Missing value"},"Add A2.2.1 to A2.2.6"]
["A2.2.1","Certification",300,"Trainees",300,null,{"$f":"IF(F24=\"\",\"Missing rate\",F24*E24)","v":"Missing rate"},"= Rate x Quantity"]
["A2.2.2","Manuals and handouts",300,"Trainees",300,null,{"$f":"IF(F25=\"\",\"Missing rate\",F25*E25)","v":"Missing rate"},"= Rate x Quantity"]
["A2.2.3","Stationary",300,"Trainees",300,null,"Missing rate","= Rate x Quantity"]
["A2.2.4","Consumables",300,"Trainees",300,null,"Missing rate","= Rate x Quantity"]
["A2.2.5","Facilitator Travel (Rate = R/km)",300,"km",5000,null,"Missing rate","= Rate x Quantity"]
["A2.2.6","Facilitator Accommodation (Rate = R/day)",300,"days",56,null,"Missing rate","= Rate x Quantity"]
[]
["A2.3","Food allowance",{"$nulls":4},{"$f":"G48+G49","v":{"v":114400,"d":"R114,400.00"}}]
["A2.3.1","Pig Feeding and Nutrition Principles",20,"days",3,{"v":100,"d":"R100.00"},{"$f":"F32*E32*C32","v":{"v":6000,"d":"R6,000.00"}},"Fixed"]
["A2.3.2","Animal Health & Care",20,"days",3,{"v":100,"d":"R100.00"},{"$f":"F33*E33*C33","v":{"v":6000,"d":"R6,000.00"}},"Fixed"]
["A2.3.3","Grain Grading",20,"days",3,{"v":100,"d":"R100.00"},{"v":6000,"d":"R6,000.00"},"Fixed"]
["A2.3.4","Livestock Pregnancy Testing",20,"days",3,{"v":100,"d":"R100.00"},{"v":6000,"d":"R6,000.00"},"Fixed"]
["A2.3.5","Feeding Management (Large livestock) Winter & Summer",25,"days",3,{"v":100,"d":"R100.00"},{"v":7500,"d":"R7,500.00"},"Fixed"]
["A2.3.6","Calibration of planter & boom sprayer",20,"days",3,{"v":100,"d":"R100.00"},{"v":6000,"d":"R6,000.00"},"Fixed"]
["A2.3.7","Animal Health & Care (cattle)",20,"days",3,{"v":100,"d":"R100.00"},{"v":6000,"d":"R6,000.00"},"Fixed"]
["A2.3.8","Wool production",15,"days",3,{"v":100,"d":"R100.00"},{"v":4500,"d":"R4,500.00"},"Fixed"]
["A2.3.9","Sheep shearing",10,"days",3,{"v":100,"d":"R100.00"},{"v":3000,"d":"R3,000.00"},"Fixed"]
["A2.3.10","Team Building on a Farm",30,"days",3,{"v":100,"d":"R100.00"},{"v":9000,"d":"R9,000.00"},"Fixed"]
["A2.3.11","Poultry Production",20,"days",5,{"v":100,"d":"R100.00"},{"v":10000,"d":"R10,000.00"},"Fixed"]
["A2.3.12","Poultry Production ( Layers)",20,"days",5,{"v":100,"d":"R100.00"},{"v":10000,"d":"R10,000.00"},"Fixed"]
["A2.3.13","Hatchery (Poultry Managaement",15,"days",5,{"v":100,"d":"R100.00"},{"v":7500,"d":"R7,500.00"},"Fixed"]
["A2.3.14","Basic Cannabis Production",15,"days",5,{"v":100,"d":"R100.00"},{"v":7500,"d":"R7,500.00"},"Fixed"]
["A2.3.15","Veld management ",15,"days",3,{"v":100,"d":"R100.00"},{"v":4500,"d":"R4,500.00"},"Fixed"]
["A2.3.16","Value adding & Agro-Processing ",15,"days",3,{"v":100,"d":"R100.00"},{"v":4500,"d":"R4,500.00"},"Fixed"]
[null,"Total daily food allowance",{"$nulls":4},{"$f":"SUM(G32:G47)","v":{"v":104000,"d":"R104,000.00"}}]
["A2.3.17","Management fee",null,"%",10,null,{"$f":"G48*E49/100","v":{"v":10400,"d":"R10,400.00"}},"10% Fixed VAT inclusive rate"]
[]
["A2.4","Training facilities",{"$nulls":4},{"$f":"G52","v":{"$error":"#VALUE!"}}]
["A2.4.1","Fees",{"$nulls":4},{"$f":"(G5+G23)*10/100","v":{"$error":"#VALUE!"}},"= (Professional fees A2.1 + Operational cost A2.2) * 10%"]
[]
["SUB-TOTAL: NON-ACCREDITED TRAINING (Carried over to summary of schedules)",{"$nulls":5},{"$f":"G5+G23+G31+G51","v":{"$error":"#VALUE!"}},"= A2.1 + A2.2 + A2.3 + A2.4"]

{"sheet":"Logistics","index":4,"n_rows":18,"n_cols":7,"rows_kept":18,"merged":[[17,0,17,4]]}
["SCHEDULE A3-6: LOGISTICS AND PAYMENT OF REGULATORY AND ACCREDITATION ENTITIES"]
["Item","Description","Unit","Quantity","Rate (incl VAT)","Amount"]
["A3","Catering",{"$nulls":3},{"$f":"IF(COUNT(F4:F5)=COUNTA(F4:F5),SUM(F4:F5),\"Missing value\")","v":"Missing value"},"A3(a) + A3(b)"]
[null,"(a) Sourcing 3 quotations for catering arrangements as requested by DARD.","Sum",1,{"v":200000,"d":"R200,000.00"},{"$f":"D4*E4","v":{"v":200000,"d":"R200,000.00"}},"See pricing instructions"]
[null,"(b) Percentage markup to cover management fee, profit and other costs.","%",{"v":200000,"d":"R200,000.00"},null,{"$f":"IF(E5=\"\",\"Missing percentage\",D5*E5/100)","v":"Missing percentage"},"See pricing instructions"]
[]
["A4","Transportation",{"$nulls":3},{"$f":"IF(COUNT(F8:F9)=COUNTA(F8:F9),SUM(F8:F9),\"Missing value\")","v":"Missing value"},"A4(a) + A4(b)"]
[null,"(a) Sourcing 3 quotations for transportation of trainees / farmers as requested by DARD.","Sum",1,{"v":200000,"d":"R200,000.00"},{"$f":"D8*E8","v":{"v":200000,"d":"R200,000.00"}},"See pricing instructions"]
[null,"(b) Percentage markup to cover management fee, profit and other costs.","%",{"v":200000,"d":"R200,000.00"},null,{"$f":"IF(E9=\"\",\"Missing percentage\",D9*E9/100)","v":"Missing percentage"},"See pricing instructions"]
[]
["A5","Accommodation",{"$nulls":3},{"$f":"IF(COUNT(F12:F13)=COUNTA(F12:F13),SUM(F12:F13),\"Missing value\")","v":"Missing value"},"A5(a) + A5(b)"]
[null,"(a) Sourcing 3 quotations for suitable accommodation for the trainees / farmers as requested by DARD.","Sum",1,{"v":400000,"d":"R400,000.00"},{"$f":"D12*E12","v":{"v":400000,"d":"R400,000.00"}},"See pricing instructions"]
[null,"(b) Percentage markup to cover management fee, profit and other costs.","%",{"v":400000,"d":"R400,000.00"},null,{"$f":"IF(E13=\"\",\"Missing percentage\",D13*E13/100)","v":"Missing percentage"},"See pricing instructions"]
[]
["A6","Payment of Regulatory and accreditation entities",{"$nulls":3},{"$f":"IF(COUNT(F16:F17)=COUNTA(F16:F17),SUM(F16:F17),\"Missing value\")","v":"Missing value"},"A6(a) + A6(b)"]
[null,"(a) Payment of Regulatory and accreditation entity.","Sum",1,{"v":100000,"d":"R100,000.00"},{"$f":"D16*E16","v":{"v":100000,"d":"R100,000.00"}},"See pricing instructions"]
[null,"(b) Percentage markup to cover management fee, profit and other costs.","%",{"v":100000,"d":"R100,000.00"},null,{"$f":"IF(E17=\"\",\"Missing percentage\",D17*E17/100)","v":"Missing percentage"},"See pricing instructions"]
["SUB-TOTAL: LOGISTICS AND PAYMENT OF REGULATORY AND ACCREDITATION ENTITIES (Carried over to summary of schedules)",{"$nulls":4},{"$f":"F3+F7+F11+F15","v":{"$error":"#VALUE!"}},"= A3 + A4 + A5 + A6"]